000 00302nam a2200121Ia 4500
008 240624s9999 xx 000 0 und d
041 _aeng
082 _a823 SHE
100 _aSHELDON SIDNEY
245 _aTELL ME YOUR DREAMS
260 _c2011
_aNew Delhi
_bHarperCollins
300 _a341 , p. , 18 , cm.
999 _c30753
_d30753